000 00671cam a2200229 4500
001 1947
003 OCoLC
005 20181127164253.0
008 030123s2004 nyuab b 001 0 eng
010 _a2003042148
020 _a0393976548 (pbk.)
100 1 _aO'Neil, Patrick H.,
_d1966-
245 1 0 _aEssentials of comparative politics /
_cPatrick O'Neil.
260 _aNew York :
_bW.W. Norton,
_cc2004.
300 _axix, 322 p. :
_bcol. ill., col. maps ;
_c24 cm.
504 _aIncludes bibliographical references and index.
650 0 _aCapitalism.
650 0 _aComparative government.
650 0 _aDemocracy.
650 0 _aPost-communism.
650 0 _aState, The.
999 _c1500
_d1500